000
00225nam a22001097a 4500
020
_a
9780752866291
082
_a
K760
100
_a
GOSCINNY, RENE
245
_a
ASTERIX AND THE CAULDRON - BOOK 13
300
_a
48P
942
_c
BK
999
_c
4086
_d
4086